000 00548nam a2200217Ia 4500
003 OSt
005 20220924134521.0
006 a|||||r|||| 00| 0
007 ta
008 220923b |||||||| |||| 00| 0 snd d
024 _a275077
037 _cTextual
040 _aARTS
_cARTS
_bsnd
041 _2snd
_asnd
082 _aY73(Q2)vN7, 1593L3
100 _aNanakram
_9207157
245 0 _aRisatal Rahi Bharat jo Hindu
260 _c1973
942 _hY73(Q2)vN7, 1593L3
_cTEXL
_2CC
999 _c437571
_d437571